000 00673nam a2200181 a 4500
001 000025882
005 20200930024125.0
008 110224s2006 dr a 000 0 spa d
020 _a9993486876
040 _aDO-SdBNP
_bspa
_cBNPHU
245 0 0 _aConstruyendo la generación futura mediante la educación en los valores /
_ccoordinadora Delia de Rodríguez.
260 _aSantiago, República Dominicana :
_bCogregación Cristiana,
_c2006.
_fEditora Biblos
300 _a130 p. :
_bil. ;
_c28 cm.
504 _aBibliografía: p. 130
700 1 _aRodríguez, Delia de
_952739
710 1 _aDel Ministerio de Enzeñanza de la Congregación Cristiana.
_952740
049 _aBNPD
999 _c25374
_d25374